[Event "Hilton Open 2013"]
[Site "Basel"]
[Date "2013.01.04"]
[Round "6.6"]
[White "Hansen, Eric"]
[Black "Mladenov, Svetlin"]
[Result "1-0"]
[WhiteElo "2568"]
[BlackElo "2407"]
[PlyCount "113"]
[EventDate "2013.??.??"]
[SourceDate "2013.01.01"]

1. d4 d6 2. Nf3 Nf6 3. c4 g6 4. Nc3 Bg7 5. e4 O-O 6. h3 Na6 7. Bg5 Qe8 8. Be2
e5 9. d5 Nh5 10. g3 f5 11. exf5 gxf5 12. Nh4 Nf6 13. Qc2 Nb4 14. Qb3 a5 15. a3
Na6 16. Qc2 Nc5 17. O-O-O Bd7 18. Be3 a4 19. Kb1 Nb3 20. Bd3 e4 21. Be2 Qe7 22.
Ng2 c5 23. Nf4 Nd4 24. Rxd4 cxd4 25. Bxd4 Ne8 26. Qd2 Bxd4 27. Qxd4 Qg7 28. Qb6
Qe5 29. Qxb7 Nf6 30. Qb6 Rfb8 31. Qe3 Rb3 32. Ka2 Rab8 33. Rb1 Rc8 34. Rc1 Rcb8
35. Rc2 Kh8 36. Rd2 R3b7 37. Ng2 Be8 38. Nh4 Bd7 39. Qh6 Rg8 40. Ng2 Rgb8 41.
Ne3 Rg8 42. Nc2 Rbb8 43. Qe3 Rgf8 44. Nb4 Rbe8 45. Bd1 Rc8 46. Rd4 Qe8 47. Nc6
Bxc6 48. dxc6 Qxc6 49. Bxa4 Qb6 50. Bb5 Qc5 51. Qd2 Rcd8 52. Nd5 Nxd5 53. Rxd5
Qc7 54. a4 Ra8 55. Rxd6 Rxa4+ 56. Bxa4 Qxc4+ 57. b3 1-0

[Event "Hilton Open 2013"]
[Site "Basel"]
[Date "2013.01.04"]
[Round "6.8"]
[White "Gavrilov, Alexei"]
[Black "Georgiadis, Nico"]
[Result "0-1"]
[WhiteElo "2501"]
[BlackElo "2369"]
[PlyCount "52"]
[EventDate "2013.??.??"]
[SourceDate "2013.01.01"]

1. d4 d5 2. c4 e6 3. Nc3 c5 4. e3 Nf6 5. Nf3 Nc6 6. a3 cxd4 7. exd4 dxc4 8.
Bxc4 Be7 9. O-O O-O 10. Ba2 b6 11. Bf4 Bb7 12. Qd3 Qd7 13. Rad1 Rfd8 14. Rfe1
Rac8 15. Qe3 Nd5 16. Nxd5 exd5 17. Bb1 Bd6 18. Rc1 Re8 19. Qd2 g6 20. h4 h5 21.
Ne5 Nxe5 22. Bxe5 Bf8 23. Ba2 Kh7 24. Qg5 Rxc1 25. Rxc1 Bh6 26. Qf6 Rxe5 0-1

[Event "Hilton Open 2013"]
[Site "Basel"]
[Date "2013.01.04"]
[Round "6.9"]
[White "Milosevic, Goran"]
[Black "Heimann, Andreas"]
[Result "1/2-1/2"]
[WhiteElo "2328"]
[BlackElo "2489"]
[PlyCount "34"]
[EventDate "2013.??.??"]
[SourceDate "2013.01.01"]

1. d4 Nf6 2. g3 c5 3. d5 e6 4. Nc3 exd5 5. Nxd5 Nxd5 6. Qxd5 Nc6 7. Bg5 Be7 8.
Bxe7 Qxe7 9. c3 d6 10. O-O-O Be6 11. Qxd6 Qxd6 12. Rxd6 Ke7 13. Rd2 Bxa2 14.
Bg2 Na5 15. Bd5 Nb3+ 16. Bxb3 Bxb3 17. Nf3 f6 1/2-1/2

[Event "Hilton Open 2013"]
[Site "Basel"]
[Date "2013.01.04"]
[Round "6.10"]
[White "Bartel, Mateusz"]
[Black "Flueckiger, Christian"]
[Result "1-0"]
[WhiteElo "2629"]
[BlackElo "2344"]
[PlyCount "83"]
[EventDate "2013.??.??"]
[SourceDate "2013.01.01"]

1. e4 d6 2. d4 Nf6 3. Nc3 g6 4. Bg5 Bg7 5. Qd2 h6 6. Bh4 g5 7. Bg3 Nh5 8. O-O-O
Nxg3 9. hxg3 Nc6 10. Nge2 e6 11. f4 a6 12. d5 Ne7 13. dxe6 fxe6 14. fxg5 Ng8
15. e5 Qxg5 16. Qxg5 hxg5 17. Rxh8 Bxh8 18. exd6 cxd6 19. Ne4 d5 20. Nxg5 Bf6
21. Nf3 Nh6 22. Nf4 Bd7 23. Re1 Kf7 24. Nd3 Ng4 25. Nc5 Bc8 26. c4 b6 27. Na4
Rb8 28. cxd5 exd5 29. Bd3 b5 30. Nc5 Rb6 31. Nb3 Rc6+ 32. Kb1 Nf2 33. Bc2 Ne4
34. Nbd4 Rc4 35. Bxe4 dxe4 36. Rxe4 Kg6 37. Rf4 Bf5+ 38. Rxf5 Bxd4 39. Rf4 Bf6
40. Nh4+ Kf7 41. Rxc4 bxc4 42. Nf5 1-0

[Event "Hilton Open 2013"]
[Site "Basel"]
[Date "2013.01.04"]
[Round "6.11"]
[White "Vorotnikov, Vladislav V"]
[Black "Nuri, Kambez"]
[Result "1-0"]
[WhiteElo "2464"]
[BlackElo "2241"]
[PlyCount "69"]
[EventDate "2013.??.??"]
[SourceDate "2013.01.01"]

1. d4 d5 2. c4 e6 3. Nc3 c5 4. e3 dxc4 5. Bxc4 Nf6 6. Nf3 Be7 7. O-O O-O 8. a3
cxd4 9. exd4 Nc6 10. Re1 a6 11. Bb3 b5 12. d5 exd5 13. Nxd5 Nxd5 14. Bxd5 Bb7
15. Ne5 Rc8 16. Nd7 Bb4 17. Nxf8 Bxe1 18. Ne6 Bxf2+ 19. Kxf2 fxe6 20. Bxe6+ Kh8
21. Qxd8+ Rxd8 22. Bg5 Rf8+ 23. Kg1 h6 24. Bd2 Nd4 25. Bg4 Nb3 26. Rd1 Nxd2 27.
Rxd2 Rf7 28. b4 Kh7 29. Rd7 Rxd7 30. Bxd7 Kg6 31. Kf2 Kf6 32. g3 Ke5 33. Ke3
Bg2 34. Bc8 Kd6 35. Bxa6 1-0

[Event "Hilton Open 2013"]
[Site "Basel"]
[Date "2013.01.04"]
[Round "6.12"]
[White "Dimitrov, Atanas"]
[Black "Kurmann, Oliver"]
[Result "1/2-1/2"]
[WhiteElo "2346"]
[BlackElo "2456"]
[PlyCount "56"]
[EventDate "2013.??.??"]
[SourceDate "2013.01.01"]

1. Nf3 Nf6 2. c4 e6 3. g3 a6 4. Nc3 d5 5. cxd5 exd5 6. d4 Be7 7. Bg2 O-O 8. O-O
c6 9. Bf4 Bf5 10. Qb3 Ra7 11. Rad1 Nbd7 12. Nh4 Be6 13. Qc2 Nh5 14. Nf5 Bxf5
15. Qxf5 g6 16. Qg4 Ndf6 17. Qf3 Nxf4 18. Qxf4 Ra8 19. e4 dxe4 20. Bxe4 Bd6 21.
Qf3 Kg7 22. Bc2 Qd7 23. Kg2 h5 24. h4 Rad8 25. Bb3 Rfe8 26. Rfe1 Rxe1 27. Rxe1
Bb4 28. Rd1 Qe7 1/2-1/2

[Event "Hilton Open 2013"]
[Site "Basel"]
[Date "2013.01.04"]
[Round "6.13"]
[White "Lekic, Dusan"]
[Black "Giesler, Julius"]
[Result "1-0"]
[WhiteElo "2411"]
[BlackElo "2089"]
[PlyCount "69"]
[EventDate "2013.??.??"]
[SourceDate "2013.01.01"]

1. d4 d5 2. c4 e6 3. Nf3 Nf6 4. g3 Be7 5. Bg2 c6 6. O-O O-O 7. Qc2 Nbd7 8. b3
b6 9. Bb2 Bb7 10. Nc3 Rc8 11. e4 c5 12. exd5 exd5 13. Rfd1 dxc4 14. d5 Ne8 15.
bxc4 Nd6 16. Nd2 Qc7 17. Nde4 a6 18. Nxd6 Bxd6 19. Ne4 Rce8 20. Ng5 g6 21. f4
Bc8 22. Qc3 f6 23. Ne6 Rxe6 24. dxe6 Nb8 25. Bd5 Kg7 26. Qf3 b5 27. Rd2 bxc4
28. Rad1 Be7 29. f5 a5 30. Be4 Qb6 31. Bc3 Na6 32. h4 Nb4 33. Rd7 Bxd7 34. Rxd7
Re8 35. Bxf6+ 1-0

[Event "Hilton Open 2013"]
[Site "Basel"]
[Date "2013.01.04"]
[Round "6.14"]
[White "Loetscher, Roland"]
[Black "Aerni, Andi"]
[Result "1-0"]
[WhiteElo "2395"]
[BlackElo "2206"]
[PlyCount "73"]
[EventDate "2013.??.??"]
[SourceDate "2013.01.01"]

1. d4 Nf6 2. c4 c5 3. d5 e6 4. Nc3 exd5 5. cxd5 d6 6. e4 g6 7. f4 Bg7 8. Bb5+
Nfd7 9. a4 a6 10. Bd3 O-O 11. Nf3 Nf6 12. h3 Re8 13. O-O Nbd7 14. Re1 Qc7 15.
Bc4 Nb6 16. Ba2 c4 17. e5 Nfd7 18. Ne4 dxe5 19. a5 exf4 20. axb6 Qxb6+ 21. Kh1
Qb4 22. Rb1 b5 23. Bd2 Qf8 24. Bxf4 Rxe4 25. Rxe4 Nc5 26. Re2 Nd3 27. Bg3 Bf5
28. b3 Qc8 29. bxc4 bxc4 30. Kh2 a5 31. Nh4 Bd7 32. Rc2 Ba4 33. Rxc4 Qxc4 34.
Bxc4 Bxd1 35. Bxd3 Ba4 36. Nf3 Be8 37. Be5 1-0

[Event "Hilton Open 2013"]
[Site "Basel"]
[Date "2013.01.04"]
[Round "6.15"]
[White "Maisuradze, Nino"]
[Black "Filipovic, Branko"]
[Result "1-0"]
[WhiteElo "2306"]
[BlackElo "2369"]
[PlyCount "77"]
[EventDate "2013.??.??"]
[SourceDate "2013.01.01"]

1. d4 Nf6 2. c4 b6 3. Nc3 Bb7 4. Nf3 Ne4 5. Nxe4 Bxe4 6. Nd2 Bb7 7. e4 g6 8.
Bd3 Bg7 9. d5 e6 10. O-O O-O 11. f4 c6 12. d6 c5 13. Nf3 Nc6 14. e5 Nb4 15. Be2
f6 16. Bd2 Nc6 17. Bc3 fxe5 18. fxe5 Rf5 19. Bd3 Nxe5 20. Nxe5 Rxe5 21. Bxe5
Bxe5 22. Qg4 Kg7 23. h4 Bxd6 24. h5 g5 25. h6+ Kg8 26. Qh5 Qe7 27. Rad1 Bf4 28.
g3 Be3+ 29. Kh2 Bd4 30. Bxh7+ Qxh7 31. Qxg5+ Kh8 32. Rxd4 cxd4 33. Qf6+ Kg8 34.
Qg5+ Kh8 35. Qf6+ Kg8 36. Rf4 Bf3 37. Rxf3 e5 38. Qg5+ Kh8 39. Qxe5+ 1-0

[Event "Hilton Open 2013"]
[Site "Basel"]
[Date "2013.01.04"]
[Round "6.17"]
[White "Tschann, Stephan"]
[Black "Maier, Christian"]
[Result "0-1"]
[WhiteElo "2224"]
[BlackElo "2354"]
[PlyCount "97"]
[EventDate "2013.??.??"]
[SourceDate "2013.01.01"]

1. Nf3 d6 2. d4 Nf6 3. c4 Nbd7 4. g3 g6 5. Bg2 Bg7 6. Nc3 e5 7. O-O O-O 8. e4
exd4 9. Nxd4 Re8 10. Re1 a6 11. h3 Rb8 12. Be3 Nc5 13. Qc2 Bd7 14. Rad1 Ne6 15.
Nf3 Nf8 16. c5 Qc8 17. Kh2 dxc5 18. Bxc5 h5 19. Qd2 Ne6 20. e5 Nh7 21. Ba3 Bc6
22. Ne4 Rd8 23. Qc2 Rxd1 24. Rxd1 Qe8 25. Re1 Rd8 26. b3 h4 27. Bb2 hxg3+ 28.
fxg3 Qe7 29. Qc3 Bxe4 30. Rxe4 c5 31. h4 b5 32. Bc1 Qd7 33. Qe1 Qd1 34. Qxd1
Rxd1 35. Bb2 Nhf8 36. Re1 Rd3 37. Re2 Bh6 38. Kg1 Nd4 39. Nxd4 cxd4 40. Kh2 Rd1
41. Rf2 Be3 42. Rf1 Rd2 43. Rb1 Ne6 44. a4 Rc2 45. axb5 axb5 46. Ba3 d3 47. Rd1
d2 48. Bf3 Kg7 49. Rf1 0-1

[Event "Hilton Open 2013"]
[Site "Basel"]
[Date "2013.01.04"]
[Round "6.18"]
[White "Guo, Emma"]
[Black "Toth, Bela"]
[Result "1/2-1/2"]
[WhiteElo "2006"]
[BlackElo "2352"]
[PlyCount "99"]
[EventDate "2013.??.??"]
[SourceDate "2013.01.01"]

1. d4 Nf6 2. Nf3 e6 3. c4 b6 4. g3 Bb7 5. Bg2 Bb4+ 6. Bd2 Bxd2+ 7. Nbxd2 O-O 8.
O-O d6 9. Rc1 c5 10. dxc5 bxc5 11. Ng5 Bxg2 12. Kxg2 Qc7 13. Qc2 Nbd7 14. Nge4
Rfd8 15. Rfd1 Rab8 16. Kg1 h6 17. b3 Ne8 18. Nc3 a6 19. e4 Ne5 20. f4 Nc6 21.
Nf3 Nf6 22. Qe2 Nd4 23. Qd3 e5 24. Nxd4 exd4 25. Nd5 Nxd5 26. cxd5 Qb6 27. Re1
Rb7 28. Qf3 Re7 29. Rc2 Rde8 30. g4 Qb4 31. Rce2 c4 32. bxc4 Qxc4 33. e5 d3 34.
Rf2 Qd4 35. Rd1 dxe5 36. Rxd3 Qa7 37. fxe5 Rxe5 38. d6 Qd7 39. h3 Rc8 40. Re2
Rxe2 41. Qxe2 Qa7+ 42. Kh2 Qd7 43. Rd2 Ra8 44. Qc4 Ra7 45. Qd5 Rb7 46. a4 Rb8
47. Qc4 Rb6 48. Qc7 Rb7 49. Qc4 Rb6 50. Qc7 1/2-1/2

[Event "Hilton Open 2013"]
[Site "Basel"]
[Date "2013.01.04"]
[Round "6.19"]
[White "Karabalis, Harilos"]
[Black "Hendriks, Willy"]
[Result "0-1"]
[WhiteElo "2245"]
[BlackElo "2420"]
[PlyCount "66"]
[EventDate "2013.??.??"]
[SourceDate "2013.01.01"]

1. e4 d6 2. d4 Nf6 3. Nc3 g6 4. Be3 c6 5. Qd2 b5 6. f3 Bg7 7. O-O-O b4 8. Nce2
a5 9. Bh6 Bxh6 10. Qxh6 a4 11. Kb1 Qa5 12. Nc1 Na6 13. Bxa6 Qxa6 14. Nge2 Be6
15. Nf4 b3 16. cxb3 axb3 17. a3 Bc4 18. Rhe1 O-O-O 19. Nfd3 Rd7 20. Qd2 Rb7 21.
Qc3 Kb8 22. Nb4 Qb5 23. Ncd3 Rc8 24. Rc1 Bxd3+ 25. Nxd3 Nd7 26. e5 Nb6 27. Nb4
c5 28. dxc5 dxc5 29. Nd3 c4 30. Qb4 Nd5 31. Qxb5 Rxb5 32. Nf2 c3 33. bxc3 b2
0-1

[Event "Hilton Open 2013"]
[Site "Basel"]
[Date "2013.01.04"]
[Round "6.20"]
[White "Kvetny, Mark"]
[Black "Aguera Naredo, Javier"]
[Result "1-0"]
[WhiteElo "2201"]
[BlackElo "2417"]
[PlyCount "99"]
[EventDate "2013.??.??"]
[SourceDate "2013.01.01"]

1. d4 d6 2. Nf3 g6 3. c4 Bg7 4. Nc3 Nf6 5. e4 O-O 6. Be2 Na6 7. O-O e5 8. Re1
c6 9. Be3 exd4 10. Nxd4 Re8 11. f3 d5 12. cxd5 Nxd5 13. Nxd5 cxd5 14. Bb5 Bd7
15. Bxa6 bxa6 16. exd5 Qh4 17. Nb3 Bxb2 18. Bf2 Qc4 19. Rb1 Bc3 20. Rc1 Bb5 21.
Rxe8+ Rxe8 22. Qc2 Re1+ 23. Rxe1 Bxe1 24. Qxc4 Bxf2+ 25. Kxf2 Bxc4 26. d6 Kf8
27. Ke3 Ke8 28. Kd4 Be6 29. Ke5 Kd8 30. g3 a5 31. Nxa5 Bxa2 32. Nc6+ Kd7 33.
Nxa7 Bc4 34. f4 Bf1 35. Kd5 f6 36. Kc5 Bg2 37. Nb5 Ke6 38. Nd4+ Kd7 39. Nc2 Be4
40. Ne3 Ke6 41. Nc4 Bd3 42. Nb6 Be4 43. Na4 Bg2 44. Nc3 Bf3 45. Nb5 Bg2 46. Na7
Kd7 47. Nb5 Ke6 48. Nc7+ Kd7 49. Nd5 Ke6 50. f5+ 1-0

[Event "Hilton Open 2013"]
[Site "Basel"]
[Date "2013.01.04"]
[Round "6.21"]
[White "Grandadam, Patrick"]
[Black "Lutz, Bernhard"]
[Result "1/2-1/2"]
[WhiteElo "2204"]
[BlackElo "2348"]
[PlyCount "84"]
[EventDate "2013.??.??"]
[SourceDate "2013.01.01"]

1. Nf3 c5 2. c4 Nf6 3. d4 cxd4 4. Nxd4 e6 5. Nc3 a6 6. e4 Bb4 7. Qd3 Qc7 8. f4
Bxc3+ 9. bxc3 d6 10. Ba3 Nbd7 11. Nf3 Nc5 12. Bxc5 Qxc5 13. Rd1 O-O 14. Qd4
Qxd4 15. Rxd4 e5 16. fxe5 dxe5 17. Rd3 Re8 18. Nd2 Be6 19. Be2 Red8 20. Kd1
Rxd3 21. Bxd3 Rd8 22. Ke2 Nd7 23. Rb1 Nc5 24. Bc2 g6 25. Rb4 Kf8 26. Nb3 Rc8
27. Kd2 Nxb3+ 28. axb3 Rc7 29. Rb6 Ke7 30. c5 f5 31. exf5 gxf5 32. c6 bxc6 33.
Rxa6 Kf6 34. g3 Kg5 35. Ra5 c5 36. b4 cxb4 37. cxb4 Rd7+ 38. Ke3 Bd5 39. Ba4
Rd6 40. Rc5 f4+ 41. gxf4+ exf4+ 42. Kf2 Kf6 1/2-1/2

[Event "Hilton Open 2013"]
[Site "Basel"]
[Date "2013.01.04"]
[Round "6.22"]
[White "Wirz, Heinz"]
[Black "Faibisovich, Vadim Z"]
[Result "0-1"]
[WhiteElo "2161"]
[BlackElo "2349"]
[PlyCount "102"]
[EventDate "2013.??.??"]
[SourceDate "2013.01.01"]

1. d4 Nf6 2. c4 e6 3. Nf3 d5 4. Nc3 Be7 5. Bg5 O-O 6. e3 h6 7. Bh4 b6 8. Bxf6
Bxf6 9. cxd5 exd5 10. Rc1 Be6 11. Bd3 c5 12. O-O Nc6 13. Bb1 cxd4 14. Nxd4 Nxd4
15. exd4 Rc8 16. Re1 Qd6 17. Qd3 g6 18. Nb5 Rxc1 19. Rxc1 Qb4 20. Nxa7 Bxd4 21.
b3 Bxf2+ 22. Kh1 Bc5 23. Nc6 Qh4 24. Ne5 Bd6 25. Nf3 Qf4 26. Rf1 Rc8 27. g3 Qb4
28. Qe3 Rc3 29. Bd3 Qb5 30. Qxe6 Qxd3 31. Qe8+ Kg7 32. Nd2 Rc7 33. Rf2 Qd4 34.
Kg2 Re7 35. Qb5 Bc5 36. Re2 Qg1+ 37. Kh3 Rxe2 38. Qxe2 Qe3 39. Qxe3 Bxe3 40.
Nf1 Bc5 41. Kg2 Kf6 42. Kf3 Ke5 43. Ne3 f5 44. Nc2 g5 45. b4 g4+ 46. Ke2 Bd6
47. Ke3 Be7 48. Nd4 Bg5+ 49. Kd3 f4 50. h4 gxh3 51. Nf3+ Kf5 0-1

[Event "Hilton Open 2013"]
[Site "Basel"]
[Date "2013.01.04"]
[Round "6.23"]
[White "Bogdanovich, Grigory"]
[Black "Faraone, Ettore"]
[Result "1-0"]
[WhiteElo "2343"]
[BlackElo "2003"]
[PlyCount "87"]
[EventDate "2013.??.??"]
[SourceDate "2013.01.01"]

1. d4 Nf6 2. Nf3 g6 3. c4 Bg7 4. Nc3 d6 5. Bg5 h6 6. Bh4 c6 7. e3 Nbd7 8. Qc2
Nb6 9. Bd3 Bd7 10. h3 Qc8 11. Bg3 Qd8 12. O-O g5 13. e4 Nh5 14. Bh2 g4 15. hxg4
Bxg4 16. Be2 e6 17. c5 Nc8 18. cxd6 Nxd6 19. Ne5 Bxe2 20. Qxe2 Qg5 21. Nf3 Qe7
22. g4 Nf6 23. Bxd6 Qxd6 24. e5 Qe7 25. exf6 Qxf6 26. Rfd1 Qf4 27. Qe4 Qxe4 28.
Nxe4 O-O-O 29. Ne5 f5 30. gxf5 exf5 31. Nc5 Rhg8 32. Kf1 f4 33. Ne6 Rde8 34.
Nxg7 Rxg7 35. Rac1 Kc7 36. Rc3 h5 37. Rh3 Rg5 38. Re1 Rf5 39. Ra3 a6 40. Rf3
Rd8 41. Re4 Rd5 42. Nd3 b6 43. Nxf4 Kd7 44. Rg3 1-0

[Event "Hilton Open 2013"]
[Site "Basel"]
[Date "2013.01.04"]
[Round "6.24"]
[White "Schenker, Roberto"]
[Black "Grandadam, Nicolas"]
[Result "1/2-1/2"]
[WhiteElo "2129"]
[BlackElo "2322"]
[PlyCount "88"]
[EventDate "2013.??.??"]
[SourceDate "2013.01.01"]

1. c4 e6 2. g3 d5 3. Bg2 Nf6 4. Nf3 dxc4 5. Qa4+ Nbd7 6. Qxc4 c5 7. O-O b6 8.
d3 Bb7 9. b3 Bd6 10. Bb2 Rc8 11. Nbd2 O-O 12. Rac1 Qe7 13. Qc2 Bb8 14. Qb1 e5
15. Qa1 Rfe8 16. Rfe1 h6 17. Nc4 Ba8 18. e3 b5 19. Na3 a6 20. Nc2 Nd5 21. e4
N5f6 22. Ne3 g6 23. Rc2 Bb7 24. Nh4 Kh7 25. Qc1 Qf8 26. Bh3 Rcd8 27. Rce2 Nh5
28. Ng4 Ndf6 29. Nxf6+ Nxf6 30. Qe3 Qd6 31. Bc1 Ng8 32. Rc2 Qxd3 33. Qxd3 Rxd3
34. Rxc5 Ba7 35. Rc7 Re7 36. Rxe7 Nxe7 37. Bf1 Rd8 38. Be3 Bxe3 39. Rxe3 Kg7
40. Rd3 Rxd3 41. Bxd3 Kf6 42. Ng2 Ke6 43. b4 f5 44. f3 fxe4 1/2-1/2

[Event "Hilton Open 2013"]
[Site "Basel"]
[Date "2013.01.04"]
[Round "6.25"]
[White "Sand, Rolf"]
[Black "Melkumjanz, Nikolay"]
[Result "0-1"]
[WhiteElo "1949"]
[BlackElo "2256"]
[PlyCount "52"]
[EventDate "2013.??.??"]
[SourceDate "2013.01.01"]

1. c4 g6 2. g3 Bg7 3. Bg2 e5 4. Nc3 Ne7 5. e4 Nbc6 6. Nge2 d6 7. d3 O-O 8. O-O
a6 9. Nd5 Nxd5 10. cxd5 Ne7 11. Be3 f5 12. Qd2 c5 13. dxc6 bxc6 14. f4 Rb8 15.
Rab1 Be6 16. b3 Qd7 17. Rfd1 Kh8 18. d4 exf4 19. Bxf4 fxe4 20. Bxe4 Bf5 21. Qd3
Bxe4 22. Qxe4 Nd5 23. Rbc1 Rbe8 24. Qd3 Qg4 25. Bxd6 Rf3 26. Qd2 Rxe2 0-1

[Event "Hilton Open 2013"]
[Site "Basel"]
[Date "2013.01.04"]
[Round "6.26"]
[White "Balint, Vilmos"]
[Black "Stoeri, Laura"]
[Result "1-0"]
[WhiteElo "2252"]
[BlackElo "2053"]
[PlyCount "95"]
[EventDate "2013.??.??"]
[SourceDate "2013.01.01"]

1. e4 e5 2. f4 Bc5 3. Nf3 d6 4. Bc4 Nc6 5. c3 Nf6 6. Qe2 Bb6 7. b4 Qe7 8. d3
exf4 9. Bxf4 Ne5 10. Nxe5 dxe5 11. Bg5 Be6 12. Nd2 a5 13. b5 h6 14. Be3 Bxe3
15. Qxe3 O-O 16. O-O Rad8 17. Bxe6 Qxe6 18. Nc4 a4 19. b6 cxb6 20. Rab1 Nd7 21.
Rb4 Qc6 22. Rfb1 Qc5 23. d4 exd4 24. cxd4 Qe7 25. e5 Ra8 26. Qe4 Nf6 27. Qf3
Nh7 28. Rxb6 Qh4 29. Qf2 Qe4 30. Nd6 Qd5 31. R1b5 Qe6 32. h3 Ng5 33. h4 Nh7 34.
Rxb7 Ra6 35. Nf5 Kh8 36. Rc5 Rg8 37. Re7 Qg6 38. Rcc7 Rb6 39. Rxf7 Rb1+ 40. Kh2
Qg4 41. Nxh6 Qd1 42. Nxg8 Ng5 43. hxg5 Qh5+ 44. Kg3 Qxg5+ 45. Kf3 Qh5+ 46. Ke4
Qg6+ 47. Kd5 Rb5+ 48. Kc4 1-0

[Event "Hilton Open 2013"]
[Site "Basel"]
[Date "2013.01.04"]
[Round "6.27"]
[White "Stolniceanu, Victor Dumitru"]
[Black "Vatter, Hans Joachim"]
[Result "1-0"]
[WhiteElo "2135"]
[BlackElo "2318"]
[PlyCount "129"]
[EventDate "2013.??.??"]
[SourceDate "2013.01.01"]

1. e4 d5 2. exd5 Qxd5 3. Nc3 Qd6 4. Nf3 Nf6 5. Be2 a6 6. O-O Nc6 7. d4 g6 8. d5
Nb4 9. Bc4 b5 10. Bb3 Bb7 11. Qd4 Nbxd5 12. Nxd5 Bxd5 13. Bf4 Qc6 14. Bxd5 Qxd5
15. Bxc7 Bg7 16. Be5 Qxd4 17. Bxd4 O-O 18. c3 Nd5 19. a4 bxa4 20. Rxa4 Rfb8 21.
Ra2 Rb7 22. Bxg7 Kxg7 23. Rd1 e6 24. Ne5 Rc8 25. Kf1 f6 26. Nd3 Rc6 27. Rda1
Rbb6 28. Ke2 g5 29. g3 Kg6 30. Kd2 h5 31. Ra3 Kf5 32. f3 e5 33. Ra5 Rd6 34. Re1
Rb8 35. Kc2 Rb5 36. Ra4 Nc7 37. Rc4 Ne6 38. h3 Rbd5 39. Re3 Nf4 40. gxf4 gxf4
41. Nxf4 exf4 42. Ree4 Rd2+ 43. Kb1 Rb6 44. Rxf4+ Kg6 45. Rb4 Rxb4 46. Rxb4 Rf2
47. c4 Rxf3 48. c5 Kf7 49. c6 Ke7 50. Rd4 Rg3 51. Rd7+ Ke8 52. Ra7 Kd8 53. Rxa6
Rxh3 54. Kc2 Kc7 55. b4 Rg3 56. b5 Rg5 57. Ra7+ Kc8 58. Rb7 h4 59. Kc3 h3 60.
Kb4 Rh5 61. b6 h2 62. Rg7 Rh8 63. Ra7 Rh4+ 64. Ka5 Kd8 65. Rd7+ 1-0

[Event "Hilton Open 2013"]
[Site "Basel"]
[Date "2013.01.04"]
[Round "6.28"]
[White "Ernst, Rolf"]
[Black "Xheladini, Mahmut"]
[Result "1-0"]
[WhiteElo "2131"]
[BlackElo "2281"]
[PlyCount "153"]
[EventDate "2013.??.??"]
[SourceDate "2013.01.01"]

1. d4 b5 2. e4 Bb7 3. Nd2 a6 4. Ngf3 e6 5. Bd3 c5 6. dxc5 Bxc5 7. Qe2 Nc6 8.
Nb3 Bb6 9. c3 d6 10. Bg5 Nf6 11. h3 h6 12. Bf4 g5 13. Bh2 e5 14. Rd1 Qc7 15.
Nfd2 Ne7 16. c4 b4 17. Nf1 Ng6 18. Qc2 Nh5 19. Ne3 Nh4 20. Bf1 a5 21. Nd5 Bxd5
22. Rxd5 a4 23. Nd2 a3 24. b3 Bd4 25. g3 Ng6 26. Be2 Nf6 27. Rb5 Bc5 28. Bg1
Qd7 29. Kf1 Rc8 30. Qd3 Kf8 31. Ke1 Kg7 32. Nf1 Ne7 33. Ne3 Bxe3 34. Qxe3 Nc6
35. Qd3 Qe7 36. Bg4 Nd4 37. Ra5 Rc5 38. Ra4 h5 39. Bd1 Qb7 40. f3 Ne6 41. Bc2
Rc6 42. Qd2 Rb8 43. Rh2 Nd7 44. Ra5 Qc7 45. Rd5 f6 46. h4 Kg6 47. Be3 Kh6 48.
hxg5+ fxg5 49. f4 Rg8 50. f5 Nec5 51. Bxc5 Nxc5 52. g4 Kg7 53. Qxg5+ Kf8 54.
Qxh5 Qg7 55. Rh4 Nd7 56. Rb5 Rb6 57. Rxb6 Nxb6 58. Ke2 Nd7 59. Kf3 Nf6 60. Qh6
Qxh6 61. Rxh6 Nxg4 62. Rxd6 Nh2+ 63. Kf2 Kf7 64. c5 Ke7 65. Bd3 Ng4+ 66. Ke2
Rh8 67. Bc4 Rh3 68. Re6+ Kd8 69. Bd5 Re3+ 70. Kd2 Rf3 71. Rg6 Ne3 72. f6 Nxd5
73. exd5 e4 74. d6 Ke8 75. Ke2 Rc3 76. Rg8+ Kf7 77. d7 1-0

[Event "Hilton Open 2013"]
[Site "Basel"]
[Date "2013.01.04"]
[Round "6.29"]
[White "Heinis, Vincent"]
[Black "Bhend, Edwin"]
[Result "0-1"]
[WhiteElo "2101"]
[BlackElo "2248"]
[PlyCount "32"]
[EventDate "2013.??.??"]
[SourceDate "2013.01.01"]

1. Nf3 d5 2. c4 d4 3. b4 g6 4. e3 c5 5. exd4 cxb4 6. Bb2 Bg7 7. Qa4+ Qd7 8.
Qxb4 Nc6 9. Qc3 Nh6 10. Ne5 Qc7 11. Bd3 O-O 12. f4 Rd8 13. Na3 Nxd4 14. O-O Bf5
15. Rae1 Bxd3 16. Qxd3 Qb6 0-1

[Event "Hilton Open 2013"]
[Site "Basel"]
[Date "2013.01.04"]
[Round "6.30"]
[White "Sommerhalder, Eric"]
[Black "Winterberg, Lukas"]
[Result "0-1"]
[WhiteElo "2054"]
[BlackElo "2212"]
[PlyCount "64"]
[EventDate "2013.??.??"]
[SourceDate "2013.01.01"]

1. e4 e5 2. d4 exd4 3. Qxd4 Nc6 4. Qe3 Nf6 5. Nc3 Bb4 6. Bd2 O-O 7. O-O-O Re8
8. Qg3 Rxe4 9. f4 d5 10. Bd3 Re8 11. Nf3 d4 12. Ne2 Qd5 13. c4 dxc3 14. Bxc3
Qc5 15. Kb1 Bxc3 16. Nxc3 h6 17. Nh4 Nb4 18. a3 Nxd3 19. Qxd3 g5 20. fxg5 hxg5
21. Rhf1 gxh4 22. Rxf6 Be6 23. Ka1 Rad8 24. Qxd8 Rxd8 25. Rxd8+ Kg7 26. Rf1 b5
27. Rf4 Qg5 28. Rdd4 c5 29. Rde4 f5 30. Rxe6 Qxf4 31. Re7+ Kf8 32. Rxa7 b4 0-1

[Event "Hilton Open 2013"]
[Site "Basel"]
[Date "2013.01.04"]
[Round "6.31"]
[White "Villegas, Pierre"]
[Black "Mueller, Werner"]
[Result "0-1"]
[WhiteElo "2234"]
[BlackElo "2033"]
[PlyCount "94"]
[EventDate "2013.??.??"]
[SourceDate "2013.01.01"]

1. d4 Nf6 2. c4 g6 3. Nc3 d5 4. Nf3 Bg7 5. Qb3 dxc4 6. Qxc4 O-O 7. e4 Na6 8.
Be2 c5 9. d5 e6 10. O-O exd5 11. exd5 Re8 12. Rd1 Bf5 13. h3 Ne4 14. Be3 Qb6
15. g4 Nxc3 16. bxc3 Bc2 17. Rf1 Re4 18. Qb5 Qxb5 19. Bxb5 Nc7 20. Rac1 Nxb5
21. Rxc2 Nxc3 22. d6 b6 23. Bg5 Ne2+ 24. Kh2 Nd4 25. Nxd4 Rxd4 26. Re1 Rxd6 27.
Re7 Bf6 28. Bxf6 Rxf6 29. Rd2 a5 30. Rc7 Re8 31. Kg3 Re4 32. Rb7 g5 33. Rd5 h6
34. Rd8+ Kg7 35. Rbb8 Rfe6 36. Rh8 Kf6 37. Rxh6+ Ke5 38. Rxe6+ fxe6 39. Rxb6 c4
40. Kf3 Re1 41. Rc6 Kd4 42. h4 gxh4 43. g5 h3 44. Kg3 Rg1+ 45. Kxh3 Rxg5 46.
Rxe6 c3 47. f4 Rc5 0-1

[Event "Hilton Open 2013"]
[Site "Basel"]
[Date "2013.01.04"]
[Round "6.32"]
[White "Klumpp, Jochen"]
[Black "Prill, Daniel"]
[Result "1/2-1/2"]
[WhiteElo "2070"]
[BlackElo "2154"]
[PlyCount "115"]
[EventDate "2013.??.??"]
[SourceDate "2013.01.01"]

1. c4 c6 2. g3 Nf6 3. Nf3 d5 4. Bg2 Bf5 5. O-O e6 6. b3 Nbd7 7. Bb2 Be7 8. d3
O-O 9. Nbd2 Bg6 10. Rc1 Rc8 11. Nh4 Re8 12. Rc2 Bc5 13. Nxg6 hxg6 14. d4 Bd6
15. e3 Qa5 16. Bc3 Bb4 17. Bxb4 Qxb4 18. Qc1 Qd6 19. c5 Qe7 20. f4 Rc7 21. b4
Rb8 22. Rb2 a6 23. Qc2 g5 24. Qd3 gxf4 25. exf4 g6 26. Nb3 Kg7 27. Re2 Qf8 28.
Bf3 Qh8 29. Qe3 Qh3 30. Rg2 Rh8 31. Qe2 Rcc8 32. Nc1 Rh7 33. Nd3 Re8 34. Nf2
Qh6 35. Nd3 Qh3 36. Ne5 Qh6 37. Qe3 Kg8 38. Nd3 Qh3 39. Nf2 Qh6 40. Re1 Qg7 41.
Nd3 Rh3 42. a4 Rd8 43. Rb2 Ra8 44. Ra1 Rh8 45. Rba2 Kh7 46. Nf2 Rhb8 47. Rb1
Ng8 48. Nd3 Ne7 49. g4 Rg8 50. h4 Rh8 51. Rh2 Kg8 52. Kg2 Qf6 53. Rbh1 Kf8 54.
Ne5 Nxe5 55. fxe5 Qg7 56. Kg3 Rh6 57. Rb1 Rh7 58. Ra1 1/2-1/2

[Event "Hilton Open 2013"]
[Site "Basel"]
[Date "2013.01.04"]
[Round "6.33"]
[White "Eidinger, Helmut"]
[Black "Graeber, Fabien"]
[Result "1-0"]
[WhiteElo "2137"]
[BlackElo "2071"]
[PlyCount "53"]
[EventDate "2013.??.??"]
[SourceDate "2013.01.01"]

1. e4 e6 2. d4 d5 3. e5 c5 4. c3 Nc6 5. Nf3 Qb6 6. Be2 cxd4 7. cxd4 Nh6 8. Nc3
Nf5 9. Na4 Qa5+ 10. Bd2 Bb4 11. Bc3 Bd7 12. a3 Bxc3+ 13. Nxc3 O-O 14. g4 Nfe7
15. Qd2 f6 16. O-O Ng6 17. b4 Qc7 18. b5 Na5 19. Rad1 fxe5 20. dxe5 Rac8 21.
Nxd5 Qc5 22. Ne3 Bxb5 23. Rc1 Qb6 24. Rxc8 Rxc8 25. Rb1 a6 26. a4 Rd8 27. Qa2
1-0